| 000 | 03120cam a22007454i 4500 | ||
|---|---|---|---|
| 003 | PE-LiUPU | ||
| 005 | 20250731184536.0 | ||
| 008 | 121220s2013 enka rbe 001 0 eng | ||
| 020 |
_a0199846537 _q(set) |
||
| 020 |
_a0199996555 _q(v. 1) |
||
| 020 |
_a0199996563 _q(v. 2) |
||
| 020 |
_a9780199846535 _q(set) |
||
| 020 |
_a9780199996551 _q(v. 1) |
||
| 020 |
_a9780199996568 _q(v. 2) |
||
| 035 | _a(Sirsi) i9780199846535 | ||
| 035 |
_a(OCoLC)871036445 _z(OCoLC)824087963 _z(OCoLC)857281574 _z(OCoLC)869521201 |
||
| 040 |
_aDLC _bspa _erda _cDLC _dOCLCO _dBTCTA _dYDXCP _dBDX _dMLY _dCHVBK _dNUI _dNLE _dERASA _dUKMGB _dOSU _dMEAUC _dYUS _dOCLCF _dLMR _dNGU _dOCLCO _dCDX _dRCT _dGGB _dS3O _dOCLCQ _dDHA _dPE-LiUPU |
||
| 049 | _aPRUA | ||
| 050 | 0 | 0 |
_aDS111.A2 _bO94 2013 |
| 082 | 0 | 0 |
_a933.003 _bO9 _223 |
| 245 | 0 | 4 |
_aThe Oxford encyclopedia of the Bible and archaeology / _cDaniel M. Master, editor. |
| 264 | 1 |
_aOxford ; _aNew York : _bOxford University Press, _c[2013] |
|
| 300 |
_a2 volumes : _bIlustraciones ; _c29 centímetros. |
||
| 336 |
_atext _2rdacontent |
||
| 337 |
_aunmediated _2rdamedia |
||
| 338 |
_avolume _2rdacarrier |
||
| 490 | 0 |
_aOxford encyclopedias of the Bible ; _v2 v. set |
|
| 504 | _aBibliografía en el contenido. | ||
| 504 | _aÍndice : páginas 475-579. (vol. 2) | ||
| 505 | 0 |
_aVolumen 1. _aAEL-INF. |
|
| 505 | 0 |
_aVolumen 2. _aJER-WRI ; Chronology of the Southern Levant ; Topical outline of entries ; Directory of contributors ; Index. |
|
| 526 | _aP136 | ||
| 526 | _aP135 | ||
| 526 | _aP134 | ||
| 526 | _aP133 | ||
| 526 | _aP144 | ||
| 526 | _aP143 | ||
| 526 | _aP87 | ||
| 526 | _aP35 | ||
| 526 | _aP20 | ||
| 526 | _aP14 | ||
| 526 | _aP10 | ||
| 526 | _aP06 | ||
| 630 | 0 | 0 |
_aBible _xAntiquities _vEncyclopedias. |
| 630 | 0 | 0 |
_aBiblia _xAntigüedades _vEnciclopedias. |
| 630 | 0 | 7 |
_aBible. _2fast _0(OCoLC)fst01356024 |
| 650 | 0 |
_aExcavations (Archaeology) _zPalestine _vEncyclopedias. |
|
| 650 | 4 |
_aExcavaciones (Arqueología) _zPalestina _vEnciclopedias. |
|
| 650 | 7 | _aAntiquities. | |
| 650 | 7 | _aExcavations (Archaeology) | |
| 651 | 0 |
_aPalestina _xAntigüedades _vEnciclopedias. |
|
| 651 | 4 | _aPalestina. | |
| 651 | 7 |
_aMiddle East _zPalestine. |
|
| 655 | 7 | _aEncyclopedias. | |
| 700 | 1 |
_aMaster, Daniel M., _d1971- , _eeditor. |
|
| 910 |
_adbm _bebj _cebj _d20171227 |
||
| 942 |
_2ddc _cBOOK |
||
| 949 |
_a933.003 O9 1 _wDEWEY _c1 _i77841 _lCATALOGING _mBUL _p75.00 _r0 _sY _tBOOK _u2017-12-27 _xPOSGRADO _PP85 _0DONACION _o.STAFF. Colección Teología. |
||
| 949 |
_a933.003 O9 2 _wDEWEY _c1 _i77842 _lCATALOGING _mBUL _p75.00 _r0 _sY _tBOOK _u2017-12-27 _xPOSGRADO _PP85 _0DONACION _o.STAFF. Colección Teología. |
||
| 994 |
_aC0 _bPEPRU |
||
| 596 | _a1 | ||
| 999 |
_a933.003 O9 1 _wDEWEY _c26512 _i77841 _d26512 _f2021-11-11 _g4 _lCCODEBUL1 _mBUL _p75.00 _q1 _r0 _sY _tBOOK _u2017-12-27 _xTEOLOGIA _PP85 _0COMPRA _o.STAFF. Colección Teología. |
||
| 999 |
_a933.003 O9 2 _wDEWEY _c1 _i77842 _f2021-11-11 _g4 _lCCODEBUL1 _mBUL _p75.00 _r0 _sY _tBOOK _u2017-12-27 _xTEOLOGIA _PP85 _0COMPRA _o.STAFF. Colección Teología. |
||
| 980 |
_81 _gALBERTO SANCHEZ Responsable de Automatización |
||